Gaming Quiz

Random Gaming Quiz

How well do you know roblox Quiz Stats

 Plays Quiz not verified by Sporcle

Support Sporcle.
Go Orange.
Score 0/8 Timer 07:00
0 Plays Today
Question Answer Wrong Answers
What was the first Roblox game to reach 1 billion? Meepcity
81.3%
Welcome to bloxburg
0%
Work at a pizza place
12.5%
Superhero tycoon
6.3%
Who is the owner of roblox? David Baszucki
75%
Jason Chen
6.3%
Erik Cassel
12.5%
Rob Clover
6.3%
When was roblox created? 2006
75%
2001
6.3%
1998
12.5%
2003
6.3%
What's the maximum friends on Roblox? 200
68.8%
500
12.5%
300
12.5%
100
6.3%
What is the Roblox paid membership called? Roblox premium
62.5%
Builders club
37.5%
Turbo Builders Club
0%
Outrageous Builders Club
0%
When was tix created? August 2, 2007
50%
January 4, 2008
12.5%
September 7, 2005
18.8%
July 10, 2009
18.8%
When was Tix removed? April 14, 2016
50%
May 9, 2015
31.3%
June 17, 2015
12.5%
September 5, 2017
6.3%
What is the most popular game in Roblox 2020? Work at a pizza place
12.5%
Roblox high school
12.5%
Welcome to bloxburg
75%
Vehicle simulator
0%

You're not logged in!

Compare scores with friends on all Sporcle quizzes.
OR
Log In

From the Vault

Cities in Entertainment

by DesertSpartan

Animal print sport coats should be coming back in fashion any year now.
Remove Ads.
Support Sporcle.
Get the best of Sporcle when you Go Orange. This ad-free experience offers more features, more stats, and more fun while also helping to support Sporcle. Thank you for becoming a member.

Show Comments

Extras

Created Feb 20, 2020ReportNominate
Tags:Roblox

Top Quizzes Today


Score Distribution

Your Account Isn't Verified!

In order to create a playlist on Sporcle, you need to verify the email address you used during registration. Go to your Sporcle Settings to finish the process.

Report this User

Report this user for behavior that violates our Community Guidelines.

Details: